000 00705nam a2200229 a 4500
999 _c3166
_d3166
001 3166
003 BD-JhCC
005 20171112102245.0
008 171111s1985 bg a|||| ||a| 000 0 ben d
035 _a(BD-JhCC)3166
040 _aBD-JhCC
_dBD-JhCC
041 _aben
082 _a792
_bHAY 1985
100 _aহায়দার, জিয়া
245 _aনাট্য ও নাটক /
_cজিয়া হায়দার,
260 _aঢাকা :
_bবাংলা একাডেমী,
_c1985
300 _a111 p. :
_c18 cm.
490 _aSeries in honour of the Martyrs of the Language Movement of February 1952.
650 _aTheatre
942 _2ddc
_cBK